banner-ar

ADVANCES IN TROPICAL METEOROLOGY MONSOON VARIABILITY SATELLITE APPLICATIONS AND MODELLING / (Record no. 20447)

MARC details
000 -الفاتح
حقل البيانات ثابتة الطول 00586nam a2200193Ia 4500
008 - عناصر البيانات ثابتة الطول - معلومات عامة
حقل البيانات ثابتة الطول 140319s9999 xx 000 0 eng d
040 ## - مصدر الفهرسة
وكالة الفهرسة الأصلية GCL /
وكالة النسخ GCL
082 04 - رقم تصنيف ديوى العشرى
رقم التصنيف 551.1
رقم المادة K A
100 1# - المدخل الرئيسى - إسم شخصى
الإسم الشخصى KESHAVAMVRTY, R.N.
245 10 - بيان العنوان
العنوان ADVANCES IN TROPICAL METEOROLOGY MONSOON VARIABILITY SATELLITE APPLICATIONS AND MODELLING /
بيان المسئوليه,etc KESHAVAMVRTY, R.N.
700 1# - المدخل الاضافى - اسم شخصى
الإسم الشخصى JOSHI, P.C
260 ## - PUBLICATION, DISTRIBUTION, ETC. (IMPRINT)
تاريخ النشر أو التوزيع 1993
300 ## - الوصف المادى
التعداد 560 P
650 04 - المدخل الاضافى بالموضوع-مصطلح موضوعى
مصطلح موضوعي METHODOLOGY
650 04 - المدخل الاضافى بالموضوع-مصطلح موضوعى
مصطلح موضوعي OCEANOGRAPHY
650 04 - المدخل الاضافى بالموضوع-مصطلح موضوعى
مصطلح موضوعي TROPICAL METEOTOLOG
942 ## - عناصر المدخل الإضافي( كوها)
مصدر التصنيف او مخطط الترفيف Dewey Decimal Classification
Koha [default] item type كتاب
260 ## - PUBLICATION, DISTRIBUTION, ETC. (IMPRINT)
-- [S.N] :
-- TATA MCGRAW - HILL PUBLISHING COMPANY LT ،
Holdings
حالة التراجع حالة الفقد حالة تلف ليس للاعارة المكان المؤقت الموقع الحالى تاريخ الاكتساب اجمالي اﻻعارات رقم الطلب الباركود تاريخ اخر مشاهدة تاريخ تفعيل السعر نوع وعاء كوها
        مكتبة القاهرة الكبرى مكتبة القاهرة الكبرى 03/26/2014   551.1\K A 38352 03/26/2014 03/26/2014 كتاب

Powered By

EGPV